Promotion of entrepreneurs through seed capital assistance : A study of Andhra P (Record no. 18682)

MARC details
000 -LEADER
fixed length control field 00324nam a2200121Ia 4500
082 ## - DEWEY DECIMAL CLASSIFICATION NUMBER
Classification number RI.0007
100 ## - MAIN ENTRY--AUTHOR NAME
Personal name Maheshwari, B.L.
245 #0 - TITLE STATEMENT
Title Promotion of entrepreneurs through seed capital assistance : A study of Andhra P
260 ## - PUBLICATION, DISTRIBUTION, ETC. (IMPRINT)
Year of publication 1986
300 ## - PHYSICAL DESCRIPTION
Number of Pages 155p.
942 ## - ADDED ENTRY ELEMENTS (KOHA)
Koha item type Books
Holdings
Withdrawn status Lost status Damaged status Not for loan Home library Current library Date acquired Bill Date Full call number Accession Number Price effective from Koha item type
        NASSDOC Library NASSDOC Library 08/10/2004 2004-10-22 RI.0007 26034 18/04/2019 Books